header

Joseph Murumbi : a legacy of integrity (Record no. 257419)

MARC details
000 -LEADER
fixed length control field 00495nam a22001817a 4500
003 - CONTROL NUMBER IDENTIFIER
control field OSt
005 - DATE AND TIME OF LATEST TRANSACTION
control field 20181115170354.0
008 - FIXED-LENGTH DATA ELEMENTS--GENERAL INFORMATION
fixed length control field 181115b xxu||||| |||| 00| 0 eng d
010 ## - LIBRARY OF CONGRESS CONTROL NUMBER
LC control number 2018354343
020 ## - INTERNATIONAL STANDARD BOOK NUMBER
International Standard Book Number 9789966117588
040 ## - CATALOGING SOURCE
Transcribing agency N/A
050 ## - LIBRARY OF CONGRESS CALL NUMBER
Classification number DT433.582
Item number .M87 R68 2018
100 ## - MAIN ENTRY--PERSONAL NAME
Personal name Rothmyer, Karen,
245 ## - TITLE STATEMENT
Title Joseph Murumbi : a legacy of integrity
260 ## - PUBLICATION, DISTRIBUTION, ETC. (IMPRINT)
Place of publication, distribution, etc [Nairobi] :
Name of publisher, distributor, etc Zand Graphics,
Date of publication, distribution, etc [2018]
300 ## - PHYSICAL DESCRIPTION
Extent 194 pages :
Other physical details illustrations ;
Dimensions 25 cm
942 ## - ADDED ENTRY ELEMENTS (KOHA)
Source of classification or shelving scheme Library of Congress Classification
Koha item type Long Loan Books
Holdings
Withdrawn status Lost status Source of classification or shelving scheme Damaged status Not for loan Collection code Home library Current library Shelving location Date acquired Total Checkouts Full call number Barcode Date last seen Price effective from Koha item type
    Library of Congress Classification     Non-fiction Rongo University Library Rongo University Library General Stacks 15/11/2018   DT433.582 .M87 R68 2018 201801559 27/02/2019 15/11/2018 Long Loan Books

© 2026 Rongo University
Contact us: librarian | system librarian | Rongo university